Americká nezaměstnanost na rekordním minimu

Nový americký prezident preberá krajinu v dobrej ekonomickej kondícii. Predchádzajúcej administratíve sa podarilo znížiť nezamestnanosť, vzrástol aj reálny priemerný príjem amerických rodín. Akcent na výrobu.

Gespeichert in:
Bibliographische Detailangaben
Format: Buchkapitel
Sprache:Tschechisch
Schlagworte:
Tags: Tag hinzufügen
Keine Tags, Fügen Sie das erste Tag hinzu!

MARC

LEADER 00000naa a2200000 4500
001 0228613
005 20170320130120.1
041 0 |a cze 
044 |a CZ 
245 1 0 |a Americká nezaměstnanost na rekordním minimu 
520 |a Nový americký prezident preberá krajinu v dobrej ekonomickej kondícii. Predchádzajúcej administratíve sa podarilo znížiť nezamestnanosť, vzrástol aj reálny priemerný príjem amerických rodín. Akcent na výrobu. 
610 2 0 |a USA 
610 2 0 |a situácia hospodárska 
610 2 0 |a nezamestnanosť 
610 2 0 |a mzdy